00652 2200241 4500001002100000005001500021035002000036007000300056008004100059020002200100082001000122084001600132100002300148245007200171250001000243260003000253300003200283650002200315700002000337504003100357990001100388990001100399INLIS00000000000291820190119105914 a0010-0119000270ta190119 g 0 ind  a978-602-9298-53-6 a612.6 a612.6 DEW w0 aDEWI, Kartika Alam1 aWarning! Ibu Hamil /cDewi Kartika Alam; penyunting, Endang Rina M. acet.1 aSurakarta :bCinta,c2012 a163 hlm. :bilus. ;c21 cm. aFISIOLOGI MANUSIA0 aENDANG, Rina M. aBibliografi : hlm. 160-163 a6412 a a6412 b